General sciences for tropical schools : for tropical schools Book 1

The book provides general knowledge about science to young people to prepare well for the era of science and technology development. In addition, this book highlights new scientific facts and some old theories that have been revised.

Đã lưu trong:
Bibliografiske detaljer
Hovedforfatter: Daniel F.
Format: Bog
Sprog:Vietnamese
Udgivet: Hong Kong Oxford University Press 1965
Udgivelse:2nd edition
Fag:
Tags: Tilføj Tag
Ingen Tags, Vær først til at tagge denne postø!
Thư viện lưu trữ: Thư viện Trường Đại học Nam Cần Thơ
LEADER 00929nam a22001937a 4500
001 NCT_151733
008 230609b xxu||||| |||| 00| 0 vie d
999 |c 7848  |d 7848 
082 0 4 |2 23rd ed.  |a 502.8  |b D184 
100 1 |a Daniel F. 
245 1 0 |a General sciences for tropical schools  |b : for tropical schools  |c F. Daniel   |n Book 1 
250 |a 2nd edition 
260 |a Hong Kong  |b Oxford University Press  |c 1965 
300 |a 198 p.  |b ill  |c 19cm 
520 3 |a The book provides general knowledge about science to young people to prepare well for the era of science and technology development. In addition, this book highlights new scientific facts and some old theories that have been revised. 
653 |a Cơ bản 
942 |2 ddc  |c BK 
952 |0 0  |1 0  |2 ddc  |4 0  |6 502_800000000000000_D184  |7 0  |9 27843  |a 000001  |b 000001  |d 2023-06-09  |o 502.8 D184  |p MD.21881  |r 2023-06-09  |w 2023-06-09  |y BK 
980 |a Thư viện Trường Đại học Nam Cần Thơ